00448nam a2200169Ia 450000500170000000800410001704000190005804100120007708200140008924500240010325000640012726000260019130000110021744000250022865000140025385000110026720240403143001.0131103s9999 xx 000 0 und d aLoreto College aEnglish a170 bVOP aGames For Growthb  ainteractive sessions for adolescents, the young and adults  aNew DelhibDbyac2001 a167p.  aAnimation of groups aAnimation aLCBED